Matemáticas empresariales / (Record no. 143098)

MARC details
000 -LEADER
campo de control de longitud fija 00852nam a2200217 4500
001 - NÚMERO DE CONTROL
campo de control 143098
003 - IDENTIFICADOR DE NÚMERO DE CONTROL
campo de control ES-MaACL
005 - FECHA Y HORA DE LA ÚLTIMA TRANSACCIÓN
campo de control 20230906200725.0
007 - CAMPO FIJO DE DESCRIPCIÓN FÍSICA--INFORMACIÓN GENERAL
campo de control de longitud fija t|
008 - DATOS DE LONGITUD FIJA--INFORMACIÓN GENERAL
campo de control de longitud fija 070214s1984 sp r ||||1| spa d
100 1# - ENTRADA PRINCIPAL--NOMBRE DE PERSONA
Nombre de persona Selma Domingo, Francisco.
9 (RLIN) 105342
245 10 - MENCIÓN DEL TÍTULO
Título Matemáticas empresariales /
Mención de responsabilidad, etc. Francisco Selma Domingo.
250 ## - MENCION DE EDICION
Mención de edición 4ª ed. act. y ampl.
Resto de la mención de edición con la colaboración de Amparo Selma Mendoza.
260 ## - PUBLICACIÓN, DISTRIBUCIÓN, ETC.
Lugar de publicación, distribución, etc. Madrid :
Nombre del editor, distribuidor, etc. Alhambra,
Fecha de publicación, distribución, etc. 1984.
300 ## - DESCRIPCIÓN FÍSICA
Extensión 2 v. ;
Dimensiones 24 cm.
500 ## - NOTA GENERAL
Nota general Contiene: Parte 1ª . Matemáticas comerciales : 2º F. P. 2 : rama administrativa y comercial -------- Parte 2ª . Matemáticas financieras : 3º F. P. 2 : rama administrativa y comercial.
700 1# - ENTRADA AGREGADA--NOMBRE PERSONAL
Nombre de persona Selma Mendoza, Amparo.
9 (RLIN) 105343
740 0# - ENTRADA AGREGADA--TÍTULO RELACIONADO/ANALÍTICO NO CONTROLADO
Título relacionado o analítico no controlado Matemáticas comerciales.
740 0# - ENTRADA AGREGADA--TÍTULO RELACIONADO/ANALÍTICO NO CONTROLADO
Título relacionado o analítico no controlado Matemáticas financieras.
852 ## - LOCALIZACIÓN
Ubicación ES-MaACL
Número de control de estantería L-10239-40
Holdings
Estatus retirado Estado de pérdida Estado de daño No para préstamo Biblioteca de origen Biblioteca actual Ubicación en estantería Fecha de adquisición Fuente de adquisición Total de préstamos Signatura topográfica completa Código de barras Visto por última vez Precio de reemplazo Tipo de ítem Koha
        Biblioteca del Ateneo de Madrid Biblioteca del Ateneo de Madrid Depósito 2 17/01/2008     L-10239-40 1148885 23/02/2023 23/02/2023 Libro impreso